000 00563nam a2200169 4500
999 _c1397
_d1397
008 200123b ||||| |||| 00| 0 eng d
020 _a0273423924
082 0 0 _a621.3133
_bS2741
100 _9202
_aSay, M. G.
245 1 0 _aThe performance and design of alternating current machines: transformers, three-phase induction motors and synchronous machines
_cby M. G. Say
250 _a3rd ed.
260 _aLondon
_bPitman
_c1961
300 _axxi, 664 p.
650 0 _aElectric Transformers
650 0 _aElectric machinery--Alternating current
942 _2ddc
_cBK